La filosofía contemporánea /

Guardado en:
Autor Principal: Paci, Enzo
Formato: Libro
Publicado: Buenos Aires : Eudeba, 1966
Edición:3a. ed.
Materias:
Etiquetas: Agregar Etiqueta
Sin Etiquetas, Sea el primero en etiquetar este registro!
LEADER 00792nam a22002055a 4500
001 CEM.cems004833
005 20060217000000.0
008 130507s1966##################000#0#####d
003 CEMS
082 0 4 |a 190 
100 1 |a Paci, Enzo 
245 1 0 |a La filosofía contemporánea / 
250 |a 3a. ed. 
260 |a Buenos Aires :  |b Eudeba,  |c 1966 
300 |a 293 p. 
505 0 |a Vision de la creación literaria del Humanismo en escritores como Garcilaso de la Vega, Fray Luis de Leon, entre otros. Sintesis de la idiosincracia humanistica del siglo XVI. 
653 |a Filosofia contemporanea 
859 |a CEMS  |b BIB. CEMS - 11 de abril  |h 190  |i P118a3  |p 14899.87  |t Ej.3 
859 |a CEMS  |b BIB. CEMS - 11 de abril  |h 190  |i P118a3  |p 264.70  |t Ej.1 
859 |a CEMS  |b BIB. CEMS - 11 de abril  |h 190  |i P118a3  |p 499.73  |t Ej.2